Регионална библиотека "Любен Каравелов" - Русе

Силуети във времето (Запис номер 50999)

MARC детайли
000 -Лидер
Контролно поле с фиксирана дължина 01375nam a2200409 c 4500
003 - Код на организацията, давaща контролен номер
Контролно поле BLK
005 - Дата и час на последна редакция
Контролно поле 20250119004104.0
008 - Елементи от данни с фиксирана дължина
fixed length control field 180408b bul|||||r ||||||| ||bul||
010 ## - Наследен системен номер
LC control number KNG00054895000
020 ## - Международен стандартен номер на книга ISBN
Международен стандартен номер на книга ISBN 954-9548-85-6
040 ## - Източник на каталожния запис
Идентификатор на билиотеката - собственик на записа BLK
041 ## - Код за език
Код за езика на текст/звукозапис или на отделно заглавие Български
Код за езика КДБФ Български
072 #7 - Код за тематичната категория
Код организация bullib
Код за тематична категория Я
Текст Автографи
080 ## - УДК
Текстов определител УДК Краезнание
УДК код - определител по УДК 908
УДК определител (497.215)
УДК - код + определител 908(497.215)
080 ## - УДК
Текстов определител УДК История на България
УДК код - определител по УДК 94(497.2)
УДК - код + определител 94(497.2)
100 1# - Редна дума - Автор
Автор Иванов, Иван Николов
Авторска отговорност първи автор
R(LIN) 365827
139 ## - Редно поле
Редна дума Иванов, Иван Николов
Авторски знак Иванов - И 21
245 10 - Сведения за заглавието
Заглавие Силуети във времето
Подзаглавни данни Ист. очерци за Русе и Русенския край
Редно поле (дума) Иван Николов Иванов.
257 ## - Страна на издаване
Страна на създаване/издаване България
260 ## - Област на издателските данни
Име на издателя, разпространителя и проч. Авангард принт
Година на издаване 2005
300 ## - Физическа характеристика
Страници 191 с.
Илюстрации и др. с ил., портр., факс.
Размери/Мащаб 24 см
380 ## - Жанр
Жанр История
650 #0 - Допълнително описание по предмет – тема
Основно описание – тема или топоним България - история
9 (RLIN) 244493
650 #4 - Допълнително описание по предмет – тема
Основно описание – тема или топоним Русе - история
9 (RLIN) 242626
653 ## - Ключова дума – ненормативна
Ключова дума Русе
653 ## - Ключова дума – ненормативна
Ключова дума история
659 ## - Тематичен бюлетин
Тематичен бюлетин Я
852 ## - Местоположение
Форматна сигнатура Цб 224448
852 ## - Местоположение
Форматна сигнатура К 94(497.2)/И 21 И
856 4# - Електронен адрес и достъп
Електронен формат pdf - файл
856 4# - Електронен адрес и достъп
Електронен формат pdf - файл
999 ## - СИСТЕМНИ КОНТРОЛНИ НОМЕРА
Koha biblionumber 50999
Koha biblioitemnumber 50999
942 ## - АРТИКУЛИ
Вид на библиотечния материал Книги
Скрит в OPAC Не
Koha issues (borrowed), all copies 2
Периодичен библиозапис Да
944 ## - СЪЗДАВАНЕ И РЕДАКЦИЯ на ЗАПИСА
Създаване/Редакция Създаване
Дата на регистрацията/редакция 11.08.2005
Служител, извършил регистрацията/редакцията
Статус, дата на статуса CRON CRON
944 ## - СЪЗДАВАНЕ И РЕДАКЦИЯ на ЗАПИСА
Създаване/Редакция Редакция
Дата на регистрацията/редакция 02.11.2012
999 ## - СИСТЕМНИ КОНТРОЛНИ НОМЕРА
Koha biblioitemnumber 50999
999 ## - СИСТЕМНИ КОНТРОЛНИ НОМЕРА
Koha biblioitemnumber 50999
Наличности
Код за отписване Код за изгубен артикул Източник на класификационната схема Код за повреда Коз за рестрикции Код за отдаване Артикулен № Име на библиотеката - собственик Име на библиотеката, в която се намира в момента Статус (Текущо местоположение) Дата на вписване в системата Местоположение - отдел Цена в лева Инвентарен номер Систематично азбучна сигнатура Баркод Номер на екземпляра Цена в евро Служебна бележка Служебен тип на артикула Номерация (Хронология)
  Не е изгубен Universal Decimal Classification Не е повреден без рестрикции заемане за дома 80184 Регионална библиотека "Любен Каравелов" Русе Регионална библиотека "Любен Каравелов" Русе Дубликат 2005-08-11 Заемна - подръчен фонд 9.00 120000696242 П 94(497.2)/И 21 120000696242 1 4.60 Дост: DA Вид: А N: 20 Дата: 11.08.2005 Дата инв: 19.02.2018 Бележки инв: П2018 Книги  
  Не е изгубен Universal Decimal Classification Не е повреден без рестрикции заемане за дома 80185 Регионална библиотека "Любен Каравелов" Русе Регионална библиотека "Любен Каравелов" Русе Заемна - подръчен фонд 2005-08-11 Заемна - подръчен фонд 9.00 120000696243 П 94(497.2)/И 21 120000696243 2 4.60 Дост: DA Вид: А N: 20 Дата: 11.08.2005 Дата инв: 08.02.2018 Бележки инв: П2018 Книги  
  Не е изгубен Universal Decimal Classification Не е повреден без рестрикции заемане за дома 80186 Регионална библиотека "Любен Каравелов" Русе Регионална библиотека "Любен Каравелов" Русе Заемна - подръчен фонд 2005-08-11 Заемна - подръчен фонд 9.00 120000696244 П 94(497.2)/И 21 120000696244 3 4.60 Дост: DA Вид: А N: 20 Дата: 11.08.2005 Дата инв: 08.02.2018 Бележки инв: П2018 Книги  
  Не е изгубен Universal Decimal Classification Не е повреден без рестрикции заемане за дома 80187 Регионална библиотека "Любен Каравелов" Русе Регионална библиотека "Любен Каравелов" Русе Заемна - подръчен фонд 2005-08-11 Заемна - подръчен фонд 9.00 120000696245 П 94(497.2)/И 21 120000696245 4 4.60 Дост: DA Вид: А N: 20 Дата: 11.08.2005 Дата инв: 08.02.2018 Бележки инв: П2018 Книги  
  Не е изгубен Universal Decimal Classification Не е повреден без рестрикции ползва се в читалня 80188 Регионална библиотека "Любен Каравелов" Русе Регионална библиотека "Любен Каравелов" Русе Краезнание 2005-08-11 Краезнание 9.00 120000696246 К 94(497.2)/И 21 И 120000696246 5 4.60 Дост: DA Вид: А N: 20 Дата: 11.08.2005 Дата инв: 16.11.2017 Бележки инв: К2017 Книги  
  Не е изгубен Universal Decimal Classification Не е повреден без рестрикции ползва се в читалня 80189 Регионална библиотека "Любен Каравелов" Русе Регионална библиотека "Любен Каравелов" Русе Краезнание 2005-08-11 Краезнание 9.00 120000696247 К 94(497.2)/И 21 И 120000696247 6 4.60 Дост: DA Вид: А N: 20 Дата: 11.08.2005 Дата инв: 06.11.2017 Бележки инв: К2017 Книги Автограф: Иван Н. Иванов
  Не е изгубен   Не е повреден без рестрикции ползва се в читалня 80190 Регионална библиотека "Любен Каравелов" Русе Регионална библиотека "Любен Каравелов" Русе Хранилище 2006-08-08 Хранилище 0.00 120000704403 Цб 224448 120000704403 7 0.00 Дост: Dp Вид: Д N: 32 Дата: 27.07.2005 Книги  
Vip Innovations Ltd, Rousse, Bulgaria 2025